LEADER 01289nam a2200253 i 4500 001 000000142902 003 CaOOAMICUS 005 20050914000000.0 008 050914s1964 it u000 u ita u 013 $a118258 040 $aSeMil$bita 245 13$aLa logica di Abelardo /$cM.T. Beonio-Brocchieri Fumagalli. 260 $aFirenze :$bLa Nuova Italia,$cCopyr. 1964. 300 $a87 p. ;$c25 cm. 490 0 $aPubblicazioni dell'Istituto di Storia della filosofia dell'Università degli Studi di Milano ;$v6 490 0 $aPubblicazioni della Facoltà di lettere e filosofia dell'Università di Milano ;$v37. 500 $aContiene : Appendice ; Bibliografia. 650 4$aAbelardo, Pietro <1079-1142> - Logica.$0(OLS)http://semarc/subject/28109 830 0$aPubblicazioni dell'Istituto di Storia della filosofia dell'Università degli Studi di Milano ;$v6.$0(OLS)http://semarc/title/18885 830 0$aPubblicazioni della Facoltà di lettere e filosofia dell'Università di Milano ;$v37.$0(OLS)http://semarc/title/22066 850 $aSeMil 852 $aSeMil$W1$xVenegono$y1$m2R III 250$j96037$B96037$CSeMilBibl$Z2$F102912 $81 996 $6245$aLa logica di Abelardo$9(OLS)http://semarc/title/209060 996 $6260$aFirenze :$bLa Nuova Italia$9(OLS)http://semarc/publisher/30055 LEADER 00804nam a2200193 i 4500 001 000000213014 003 CaOOAMICUS 005 20120507000000.0 008 120507s1808 it u000 u mul u 013 $a191864 026 $an-r, R.S. e-m. et2. (3) 1808 (A) 040 $aSeMil$bita 245 10$aTome 1. 300 $aXIJ, 439, [1] p. 500 $aSegn.: a6 A-S12 T4. 773 0 $aCicero, Marcus Tullius <106-43 a.C.>$tLettres de Ciceron a Atticus, avec des remarques et le texte latin de l'edition de Graevius; par l'abbé Mongault, ... Tome 1. [-4.].$bNouvelle édition, revue et corrigée.$dA Lyon : Chez Amable Leroy, 1808.$g1$w()26713 850 $aSeMil 852 $aSeMil$W1$xVenegono$y1$m1Y I 105 FA$j163444$B163444$CSeMilBibl$Z2$F174540 $8I 996 $6245$aTome 1$9(OLS)http://semarc/title/1447